000 01351nam a2200325Ia 4500
001 ebr10044876
003 CaPaEBR
006 m u
007 cr cn|||||||||
008 040503s2003 nyua gsb 001 0 eng d
020 _z0333998626
040 _aCaPaEBR
_cCaPaEBR
035 _a(OCoLC)56032563
050 1 4 _aHB615
_b.B687 2003eb
100 1 _aBoyle, Elizabeth,
_d1961-
245 1 0 _aOrganizational dynamics of creative destruction
_h[electronic resource] :
_bentrepreneurship and the emergence of industries /
_cElizabeth Boyle and Stephen Mezias.
260 _aNew York :
_bPalgrave Macmillan,
_cc2003.
300 _a224 p. :
_bill.
504 _aIncludes bibliographical references and index.
533 _aElectronic reproduction.
_bPalo Alto, Calif. :
_cebrary,
_d2009.
_nAvailable via World Wide Web.
_nAccess may be limited to ebrary affiliated libraries.
600 1 0 _aSchumpeter, Joseph Alois,
_d1883-1950.
650 0 _aEntrepreneurship.
650 0 _aCreative ability in business.
650 0 _aTechnological innovations
_xEconomic aspects.
650 0 _aNew business enterprises.
655 7 _aElectronic books.
_2local
700 1 _aMezias, Stephen.
710 2 _aebrary, Inc.
856 4 0 _uhttp://site.ebrary.com/lib/rucke/Doc?id=10044876
_zAn electronic book accessible through the World Wide Web; click to view
999 _c179327
_d179327